Đọc 2/ 『初級で読めるトピック25 II 』 Đọc 2

Gorde:
Xehetasun bibliografikoak
Formatua: Liburua
Hizkuntza:Japanese
Gaiak:
Etiketak: Etiketa erantsi
Etiketarik gabe, Izan zaitez lehena erregistro honi etiketa jartzen!
Thư viện lưu trữ: Mạng thư viện Đại học Đà Nẵng
LEADER 01032nam a22003011a 4500
001 000036284
003 12579
005 20160330000000.0
008 160330s0 000 jpn
041 |a jpn 
082 |a 495.684  |b KH-N  |2 Đọc 2 
245 |a Đọc 2/ 『初級で読めるトピック25 II 』  |c Khoa N-H-T  |n Đọc 2 
300 |a 53tr . : mh ; 30cm 
650 |a Đọc 2, 『初級で読めるトピック25 II 』, 4170483 
852 |b Chuyên đề  |c Giáo trình 
OWN |a LNN 
AVA |a UDN50  |b LNN  |d 495.684 KH-N  |e available  |t Error 5001 Not defined in file expand_doc_bib_avail.  |f 1  |g 0  |h N  |i 0  |k 1 
999 |a From the UDN01 
AVA |a UDN50  |b LNN  |d 495.684 KH-N  |e available  |t Error 5001 Not defined in file expand_doc_bib_avail.  |f 1  |g 0  |h N  |i 0  |k 1 
TYP |a Monograph 
TYP |a Printed language 
980 |a Mạng thư viện Đại học Đà Nẵng